A Brief Course in the Theory of Functions of a real variable (Record no. 93850)

MARC details
000 -LEADER
fixed length control field 00341pam a2200133 a 4500
020 ## - INTERNATIONAL STANDARD BOOK NUMBER
Terms of availability
041 ## - LANGUAGE CODE
Language code of text/sound track or separate title eng
082 ## - DEWEY DECIMAL CLASSIFICATION NUMBER
Classification number 515.8
Item number VUL
100 ## - MAIN ENTRY--PERSONAL NAME
Personal name Vullkh, B.Z.
245 ## - TITLE STATEMENT
Title A Brief Course in the Theory of Functions of a real variable
Medium Textual Documents
260 ## - PUBLICATION, DISTRIBUTION, ETC.
Place of publication, distribution, etc. Moscow :
Name of publisher, distributor, etc. M I R Publishers ,
Date of publication, distribution, etc. 1976.
300 ## - PHYSICAL DESCRIPTION
Extent 162p.
930 ## - EQUIVALENCE OR CROSS-REFERENCE-UNIFORM TITLE HEADING [LOCAL, CANADA]
Uniform title 16950
Holdings
Withdrawn status Lost status Damaged status Not for loan Collection Home library Current library Date acquired Source of acquisition Cost, normal purchase price Total Checkouts Full call number Barcode Date last seen Copy number Price effective from Koha item type
          Yashwantrao Mohite College of Arts, Science And Commerce, Pune Yashwantrao Mohite College of Arts, Science And Commerce, Pune 04/04/2022 Lok Vangmay a Griha Pvt Ltd Pune 30. 75.00   515.8 VUL YMP-4643 24/02/2023 1 24/02/2023 Book